Top 10 Grape Producing US States - Statistics

General Stats
  • This quiz has been taken 288 times
  • The average score is 6 of 10
Answer Stats
Amount (tons) State % Correct
6,482,000 California
97%
419,000 Washington
89%
77000 Oregon
88%
187,000 New York
72%
16170 Texas
67%
91700 Pennsylvania
58%
8810 Virginia
45%
63600 Michigan
44%
7200 North Carolina
42%
6130 Missouri
20%
No matching quizzes found
Score Distribution
Percent of People with Each Score
Percentile by Number Answered
Your Score History
You have not taken this quiz